LEADER 00876cam1 22002651 450 001 SOBE00040541 005 20140221102204.0 100 $a20140221g00009999|||||ita|0103 ba 101 $afre 102 $aFR 200 1 $aMémoires$fSaint-Simon$gtexte établi et annoté par Gonzague Truc 210 $aParis$cGallimard 215 $av.$d18 cm$e1 cartella (4 carte di tav. genealogiche) 225 2 $aBibliothèque de la Pléiade 410 1$1001LAEC00015142$12001 $a*Bibliothèque de la Pléiade 463 1$1001SOBE00040539$12000 $a1 463 1$1001SOBE00040542$12000 $a2 700 1$aSaint-Simon$b, Claude-Henri : de$3A600200051660$4070$0126206 702 1$aTruc, Gonzague$3A600200029113$4070 801 0$aIT$bUNISOB$c20140221$gRICA 912 $aSOBE00040541 940 $aM 102 Monografia moderna SBN 941 $aM 996 $aMémoires$9212739 997 $aUNISOB LEADER 03829oam 2200553I 450 001 9910966075003321 005 20190826145055.0 010 $a9789004361133 010 $a9004361138 024 7 $a10.1163/9789004361133 035 $a(CKB)4100000004036804 035 $a(MiAaPQ)EBC5449671 035 $a(OCoLC)1043913730 035 $a(nllekb)BRILL9789004361133 035 $a(EXLCZ)994100000004036804 100 $a20180709d2018 uy 0 101 0 $aeng 135 $aurcnu|||||||| 181 $ctxt$2rdacontent 182 $cc$2rdamedia 183 $acr$2rdacarrier 200 10$aCorpora and lexis /$fedited by Sebastian Hoffmann, Andrea Sand, Sabine Arndt-Lappe, Lisa Marie Dillmann 210 1$aLeiden ;$aBoston :$cBrill,$d2018. 215 $a1 online resource (322 pages) 225 0 $aLanguage and computers: studies in digital linguistics ;$vv. 81 300 $aBased on proceedings of the 36th ICAME Conference, held 27 to 31 May 2015, at the University of Trier. 311 08$a9789004361126 311 08$a900436112X 320 $aIncludes bibliographical references. 327 $tFront Matter -- $tCopyright Page -- $tNotes on Contributors -- $tIntroduction /$rSebastian Hoffmann , Andrea Sand , Sabine Arndt-Lappe and Lisa Marie Dillmann -- $tModelling Lexical Structures in the Oxford English Dictionary /$rEdmund Weiner -- $tInvestigating the Circumstances of Coinage /$rAntoinette Renouf -- $tSynonym Selection as a Strategy of Stress Clash Avoidance /$rJulia Schlüter and Gabriele Knappe -- $tIntensification with Very, Really and So in Selected Varieties of English /$rKarin Aijmer -- $tThe Pragmatics of Well as a Discourse Marker in Broadcast Discussions /$rJohn M. Kirk -- $tBetween Lexis and Discourse: A Cross-register Study of Connectors of Contrast /$rMaïté Dupont -- $tTowards a Model of Co-collocation Analysis: Theory, Methodology, and Preliminary Results /$rMoisés Almela and Pascual Cantos -- $tThe Lexicogrammar of Be Interested: Description and Pedagogy /$rCostas Gabrielatos -- $tTracking L2 Writers? Phraseological Development Using Collgrams: Evidence from a Longitudinal EFL Corpus /$rYves Bestgen and Sylviane Granger. 330 $aThe contributions in this volume provide a kaleidoscope of state-of-the-art research in corpus linguistics on lexis and lexicogrammar. Central issues are the presentation of major corpus resources (both corpora and software tools), the findings (especially about frequency) which are simply not accessible without such resources, their theoretical implications relating to both lexical units and word meanings, and the practical ? especially pedagogical ? applications of corpus findings. This is complemented by a lexicographer?s view on the data structures implicit in the Oxford English Dictionary (OED). The volume, which has sprung from the 36th ICAME conference, held in at Trier University in May 2015, will be of relevance for theoretical and applied linguists interested in corpora, word usage, and the mental lexicon. 410 0$aLanguage and Computers$v81. 606 $aEnglish language$xGrammar$xData processing$vCongresses 606 $aEnglish language$xDiscourse analysis$xData processing$xCongresses 606 $aComputational linguistics$vCongresses 615 0$aEnglish language$xGrammar$xData processing 615 0$aEnglish language$xDiscourse analysis$xData processing$xCongresses. 615 0$aComputational linguistics 676 $a420.1/88 701 $aHoffmann$b Sebastian$01787612 701 $aSand$b Andrea$01787613 701 $aArndt-Lappe$b Sabine$01787614 701 $aDillmann$b Lisa Marie$01787615 801 0$bNL-LeKB 801 1$bNL-LeKB 906 $aBOOK 912 $a9910966075003321 996 $aCorpora and lexis$94321157 997 $aUNINA